World Capital Bullseye #18 - Statistics

General Stats
  • This quiz has been taken 64 times
  • The average score is 15 of 17
Answer Stats
Capital City % Correct
London
100%
Washington
100%
Ottawa
98%
Dublin
95%
Helsinki
95%
Oslo
95%
Stockholm
95%
Amsterdam
91%
REYKJAVIK
90%
Rabat
88%
Tallinn
88%
Lisbon
86%
Copenhagen
83%
Nassau
83%
Nouakchott
62%
Praia
52%
Saint John's
50%
No matching quizzes found
Score Distribution
Percent of People with Each Score
Percentile by Number Answered
Your Score History
You have not taken this quiz